000 00467nam a2200193 a 4500
001 10855
003 CO-ViMGA
008 141112s2004 ck r 000 u spa d
040 _aCO-ViMGA
_bspa
_cCO-ViMGA
082 0 4 _aB 869.3 C15b
100 1 _aCallado, Antonio,
_914845
245 1 0 _aBar Don Juan
250 _a1
260 _aBuenos Aires,
_cEdiciones de la Flor
300 _a230p.
500 _aFecha : 1973
650 1 4 _aNOVELA BRASILEÑA
942 _2ddc
_cBK
999 _c22075
_d22075